|
|
|
|
| LEADER |
00965nab a2200253 i 4500 |
| 001 |
publ80 |
| 005 |
20180608144739.0 |
| 008 |
120407s2008 hu o 0|| zxx d |
| 024 |
7 |
|
|a 10.1016/j.colsurfa.2007.11.030
|2 doi
|
| 024 |
7 |
|
|a 1127006
|2 mtmt
|
| 040 |
|
|
|a SZTE Publicatio Repozitórium
|b hun
|
| 041 |
|
|
|a zxx
|
| 100 |
1 |
|
|a Kőrösi László Tamás
|
| 245 |
1 |
0 |
|a Photocatalytic activity of silver-modified titanium dioxide at solid-liquid and solid-gas interfaces
|h [elektronikus dokumentum] /
|c Kőrösi László Tamás
|
| 260 |
|
|
|c 2008
|
| 300 |
|
|
|a 136-142
|
| 490 |
0 |
|
|a Colloids and Surfaces A; Physicochemical and engineering aspects
|v 319 No. 1-3
|
| 700 |
0 |
1 |
|a Papp Szilvia
|e aut
|
| 700 |
0 |
1 |
|a Ménesi Judit
|e aut
|
| 700 |
0 |
2 |
|a Nyergesné Illés Erzsébet
|e aut
|
| 700 |
0 |
2 |
|a Zöllmer Volker
|e aut
|
| 700 |
0 |
2 |
|a Richardt André
|e aut
|
| 700 |
0 |
2 |
|a Dékány Imre
|e aut
|
| 856 |
4 |
0 |
|u http://publicatio.bibl.u-szeged.hu/80/1/CollSurfA_2008_319_136.pdf
|z Dokumentum-elérés
|